00430nam a2200169Ia 4500008004000000020001800040041000800058082001600066100003000082245003100112260004500143300001200188650001100200650001500211650001300226700002100239210210b2015 xxu||||| |||| 00| 0 eng d a9788184873924 aeng a005.74 BHAD aBHATIA (Ashima Bhatnagar) aDatabase management system aNew DelhibNarosa Publishing Housec2015 axiv,280 asystem amanagement aDatabase aBANSAL (Vaibhav)